00441nam a2200169Ia 4500008004100000041001200041082001100053100002000064245004100084365001000125520001400135546001200149630004100161650001400202655001400216730004100230101110s9999 xx 000 0 und d aENGLISH bSR3007 aStamp L. Dudley aIndia, Pakistan Ceylon and Burmadesh b15.62 aGeography aENGLISH aIndia, Pakistan Ceylon and Burmadesh aGeography aGeography aIndia, Pakistan Ceylon and Burmadesh